000 00410nam a2200181Ia 4500
001 11190
005 20260306161928.0
008 260306t2001||||xx |||||||||||||| ||spa||
041 _aESP
082 _a985.0122
_bL25
100 _aLarco Hoyle, Rafael [1901-1966]
_eAUT
245 0 _aLos mochicas
260 _c2001
300 _a
_c28 cm.
650 _aGEN
654 _aCHU
942 _cLIB
_dJUS
_fJUS
_2ddc
_n
999 _c11190
_d11190